The media handbook : (رقم التسجيلة. 23777)

تفاصيل مارك
000 -الفاتح
حقل البيانات ثابتة الطول 01463cam a2200409 a 4500
001 - رقم الضبط
رقم الضبط 15962235
003 - محدد رقم الضبط
رقم الضبط OSt
005 - وقت وتاريخ اخر تعامل مع التسجيلة
رقم الضبط 20150408114040.0
008 - عناصر البيانات ثابتة الطول - معلومات عامة
حقل البيانات ثابتة الطول 091027s2010 nyua b 001 0 eng
010 ## - رقم ضبط مكتبة الكونجرس
رقم ضبط مكتبة الكونجرس 2009043449
015 ## - رقم الببليوجرافية الوطنية
رقم الببليوجرافية الوطنية GBB030443
المصدر bnb
016 7# - رقم ضبط الوكاله الوطنية للضبط الببليوجرافي
رقم ضبط التسجيلة 015494101
المصدر Uk
020 ## - الرقم الدولى المعيارى للكتب
الرقم الدولى المعيارى للكتاب 9780415873536
020 ## - الرقم الدولى المعيارى للكتب
الرقم الدولى المعيارى للكتاب 0415873533
020 ## - الرقم الدولى المعيارى للكتب
الرقم الدولى المعيارى للكتاب 9780415873543
020 ## - الرقم الدولى المعيارى للكتب
الرقم الدولى المعيارى للكتاب 0415873541
020 ## - الرقم الدولى المعيارى للكتب
الرقم الدولى المعيارى للكتاب 9780203864555
020 ## - الرقم الدولى المعيارى للكتب
الرقم الدولى المعيارى للكتاب 0203864557
035 ## - رقم ضبط النظام
رقم ضبط النظام (OCoLC)ocn461631212
040 ## - مصدر الفهرسة
وكالة الفهرسة الأصلية DLC
وكالة النسخ DLC
وكالة التعديل YDX
-- YDXCP
-- CDX
-- UKM
-- DLC
050 00 - رقم طلب مكتبة الكونجرس
رقم التصنيف HF5826.5
رقم المادة .K38 2010
082 00 - رقم تصنيف ديوى العشرى
رقم التصنيف 659
رقم الطبعة 22
100 1# - المدخل الرئيسى - إسم شخصى
الإسم الشخصى Katz, Helen E.
9 (RLIN) 15128
245 14 - بيان العنوان
العنوان The media handbook :
بقية العنوان a complete guide to advertising media selection, planning, research, and buying /
بيان المسئوليه,etc Helen Katz.
250 ## - بيان الطبعة
بيان الطبعة 4th ed.
260 ## - PUBLICATION, DISTRIBUTION, ETC. (IMPRINT)
مكان الناشر او الموزع New York :
اسم الناشر او الموزع Routledge,
تاريخ النشر أو التوزيع 2010.
300 ## - الوصف المادى
التعداد xii, 212 p. :
تفاصيل ماديه اخرى للوعاء ill. ;
أبعاد الوعاء 24 cm.
490 1# - بيان السلسلة
عنوان السلسلة Communication series
504 ## - تبصرة ببليوجرافية
تبصرة ببليوجرافية,الخ Includes bibliographical references and index.
650 #0 - المدخل الاضافى بالموضوع-مصطلح موضوعى
مصطلح موضوعي أو اسم جغرافي كعنصر مدخل Advertising media planning.
9 (RLIN) 15129
650 #0 - المدخل الاضافى بالموضوع-مصطلح موضوعى
مصطلح موضوعي أو اسم جغرافي كعنصر مدخل Mass media and business.
9 (RLIN) 15127
650 #0 - المدخل الاضافى بالموضوع-مصطلح موضوعى
مصطلح موضوعي أو اسم جغرافي كعنصر مدخل Marketing channels.
9 (RLIN) 15130
830 #0 - المدخل الاضافى بالسلسلة -عنوان موحد
عنوان موحد Routledge communication series.
9 (RLIN) 15131
856 42 - الوصول و الموقع الالكترونى
مواد محددة Contributor biographical information
معرف المصدر الموحد <a href="http://www.loc.gov/catdir/enhancements/fy1106/2009043449-b.html">http://www.loc.gov/catdir/enhancements/fy1106/2009043449-b.html</a>
942 ## - عناصر المدخل الإضافي( كوها)
مصدر التصنيف او مخطط الترفيف Dewey Decimal Classification
Koha [default] item type كتاب
المقتنيات
حالة الفقد نموذج السعر الفعال حالة تلف ليس للاعارة رقم الطلب تاريخ الاكتساب الموقع الحالي الباركود الفرع الرئيسي Date last seen نوع المادة فى نظام كوها مصدر التصنيف او خطة الترفيف Total Checkouts
  2013-03-10     659 K H M 2012-05-30 المكتبة المركزية بالمجمعة (CL) 1004000000031 المكتبة المركزية بالمجمعة (CL) 2013-03-10 كتاب Dewey Decimal Classification  
  2013-03-10     659 K H M 2012-05-30 المكتبة المركزية بالمجمعة (CL) 1004000000030 المكتبة المركزية بالمجمعة (CL) 2013-03-10 كتاب Dewey Decimal Classification  
  2013-03-10     659 K H M 2012-05-30 المكتبة المركزية بالمجمعة (CL) 1004000000028 المكتبة المركزية بالمجمعة (CL) 2013-03-10 كتاب Dewey Decimal Classification  
  2013-03-10     659 K H M 2012-05-30 المكتبة المركزية بالمجمعة (CL) 1004000000029 المكتبة المركزية بالمجمعة (CL) 2013-03-10 كتاب Dewey Decimal Classification  
  2013-03-10     659 K H M 2012-05-30 المكتبة المركزية بالمجمعة (CL) 1004000000027 المكتبة المركزية بالمجمعة (CL) 2013-03-10 كتاب Dewey Decimal Classification  
  2013-03-10     659 K H M 2012-05-30 المكتبة المركزية بالمجمعة (CL) 1004000000026 المكتبة المركزية بالمجمعة (CL) 2013-03-10 كتاب Dewey Decimal Classification